000 00367nam a2200157 i 4500
001 bg
100 1 _aKANIA, J.
245 0 _aWybrane zagadnienia z ergonomii /
_cJ. Kania.
260 _aWarszawa,
_c1983.
650 9 _aErgonomia
655 _aPodręczniki akademickie
040 _cBPK
041 _apol
942 _cKS
008 s pl f |000 0 pol
999 _c3438
_d3438
856 _uhttp://koha.tu.koszalin.pl/cgi-bin/koha/opac-detail.pl?biblionumber=3438
_yKatalog online BPK